La politique commerciale de la CEE

Spremljeno u:
Bibliografski detalji
Glavni autor: Albinowski, Stanisfaw
Format: Knjiga
Jezik:Undetermined
Izdano: Varsovie Agence Occidentale de Presse 1966
Teme:
Oznake: Dodaj oznaku
Bez oznaka, Budi prvi tko označuje ovaj zapis!
Thư viện lưu trữ: Trung tâm Học liệu Trường Đại học Cần Thơ
LEADER 00561nam a2200193Ia 4500
001 CTU_83402
008 210402s9999 xx 000 0 und d
082 |a 382 
082 |b P769 
100 |a Albinowski, Stanisfaw 
245 0 |a La politique commerciale de la CEE 
245 0 |c Stanisfaw Albinowski 
260 |a Varsovie 
260 |b Agence Occidentale de Presse 
260 |c 1966 
650 |a European economic community countries 
650 |x Commercial policy 
904 |i QHieu(sửa) 
980 |a Trung tâm Học liệu Trường Đại học Cần Thơ